The effect of rice seedling age on grassy stunt disease in dry season in year 2008 ឥទ្ធិពលនៃអាយុកាលសំណាបទៅលើជំងឺតឿស្មៅនៃដាំណាំស្រូវ នារដូវប្រាំងឆ្នាំ ២០០៨ (Record no. 861)
[ view plain ]
| 000 -LEADER | |
|---|---|
| fixed length control field | 00650nam a22001577a 4500 |
| 003 - CONTROL NUMBER IDENTIFIER | |
| control field | OSt |
| 005 - DATE AND TIME OF LATEST TRANSACTION | |
| control field | 20150919170653.0 |
| 008 - FIXED-LENGTH DATA ELEMENTS--GENERAL INFORMATION | |
| fixed length control field | 150919b xxu||||| |||| 00| 0 eng d |
| 040 ## - CATALOGING SOURCE | |
| Transcribing agency | RUA |
| 082 ## - DEWEY DECIMAL CLASSIFICATION NUMBER | |
| Classification number | AGR HUN 2008 B036 Or.1 |
| 100 ## - MAIN ENTRY--PERSONAL NAME | |
| 9 (RLIN) | 893 |
| Personal name | HUN, BORIN. |
| 245 ## - TITLE STATEMENT | |
| Title | The effect of rice seedling age on grassy stunt disease in dry season in year 2008 ឥទ្ធិពលនៃអាយុកាលសំណាបទៅលើជំងឺតឿស្មៅនៃដាំណាំស្រូវ នារដូវប្រាំងឆ្នាំ ២០០៨ |
| 260 ## - PUBLICATION, DISTRIBUTION, ETC. (IMPRINT) | |
| Place of publication, distribution, etc. | Phnom Penh |
| Name of publisher, distributor, etc. | RUA |
| Date of publication, distribution, etc. | 2008 |
| 300 ## - PHYSICAL DESCRIPTION | |
| Extent | x; 47p. |
| Other physical details | ill. |
| Dimensions | 29cm. |
| 942 ## - ADDED ENTRY ELEMENTS (KOHA) | |
| Source of classification or shelving scheme | |
| Koha item type | AGR |
| Price effective from | Date last seen | Permanent Location | Not for loan | Date acquired | Source of classification or shelving scheme | Koha item type | Lost status | Withdrawn status | Date last checked out | Total Checkouts | Shelving location | Damaged status | Barcode | Current Location | Full call number |
|---|---|---|---|---|---|---|---|---|---|---|---|---|---|---|---|
| 2015-09-19 | 2015-09-19 | Library Block B | 2015-09-19 | AGR | B036 | RUA002713 | Library Block B | AGR HUN 2008 B036 Or.1 | |||||||
| 2015-09-19 | 2015-09-19 | Library Block B | 2015-09-19 | AGR | B036 | RUA002574 | Library Block B | AGR HUN 2008 B036 Or.2 | |||||||
| 2015-09-19 | 2015-09-19 | Library Block B | 2015-09-19 | AGR | B036 | RUA002364 | Library Block B | AGR HUN 2008 B036 Or.3 | |||||||
| 2015-09-19 | 2015-09-19 | Library Block B | 2015-09-19 | AGR | B036 | RUA002088 | Library Block B | AGR HUN 2008 B036 Or.4 | |||||||
| 2015-09-19 | 2015-09-19 | Library Block B | 2015-09-19 | AGR | B036 | RUA002291 | Library Block B | AGR HUN 2008 B036 Or.5 | |||||||
| 2015-09-19 | 2018-09-18 | Library Block B | 2015-09-19 | AGR | 2018-09-07 | 1 | B036 | RUA002856 | Library Block B | AGR HUN 2008 B036 Or.6 | |||||
| 2015-09-19 | 2015-09-19 | Library Block B | 2015-09-19 | AGR | B036 | RUA002784 | Library Block B | AGR HUN 2008 B036 Or.7 | |||||||
| 2015-09-19 | 2015-09-19 | Library Block B | 2015-09-19 | AGR | B036 | RUA002568 | Library Block B | AGR HUN 2008 B036 Or.8 | |||||||
| 2015-09-19 | 2015-09-19 | Library Block B | 2015-09-19 | AGR | B036 | RUA002221 | Library Block B | AGR HUN 2008 B036 Or.9 | |||||||
| 2015-09-19 | 2015-09-19 | Library Block B | 2015-09-19 | AGR | B036 | RUA002013 | Library Block B | AGR HUN 2008 B036 Or.10 |